Central Library OPAC University of Rajshahi

The new towns : (Record no. 16499)

MARC details
000 -LEADER
fixed length control field 00806nam a2200241 a 4500
001 - CONTROL NUMBER
control field 16499
003 - CONTROL NUMBER IDENTIFIER
rucl marc code BD-RjUL
005 - DATE AND TIME OF LATEST TRANSACTION
control field 20211209000021.0
008 - FIXED-LENGTH DATA ELEMENTS--GENERAL INFORMATION
fixed length control field 140213s1963 uk a b 000 0 eng d
035 ## - SYSTEM CONTROL NUMBER
System control number (BD-RjUL)16554
040 ## - CATALOGING SOURCE
Original cataloging agency QUT
Language of cataloging eng
Transcribing agency QUT
Modifying agency AAWM
-- BD-RjUL
041 ## - LANGUAGE CODE
Language code of text/sound track or separate title eng
082 04 - DEWEY DECIMAL CLASSIFICATION NUMBER
Classification number 711.40941
Author mark and year OSN 1963
100 1# - MAIN ENTRY--PERSONAL NAME
Personal name Osborn, Frederic J.,
Fuller form of name (Frederic James),
Dates associated with a name 1885-
9 (RLIN) 50994
245 14 - TITLE STATEMENT
Title The new towns :
Remainder of title the answer to megalopolis /
Statement of responsibility, etc. Frederick J. Osborn and Arnold Whittick.
260 ## - PUBLICATION, DISTRIBUTION, ETC. (IMPRINT)
Place of publication, distribution, etc. London :
Name of publisher, distributor, etc. Hill,
Date of publication, distribution, etc. 1963.
300 ## - PHYSICAL DESCRIPTION
Pagination xvii,376 p. :
Illustrations ill. ;
Size 26 cm.
504 ## - BIBLIOGRAPHY, ETC. NOTE
Bibliography, etc Bibliography: p. 359-361. and index.
650 #0 - SUBJECT ADDED ENTRY--TOPICAL TERM
Topical term or geographic name as entry element Cities and towns
General subdivision Growth
Geographic subdivision Great Britain.
9 (RLIN) 50995
Topical term or geographic name as entry element City planning
Geographic subdivision Great Britain.
9 (RLIN) 5728
700 1# - ADDED ENTRY--PERSONAL NAME
Personal name Whittick, Arnold,
Dates associated with a name 1898-
942 ## - ADDED ENTRY ELEMENTS (KOHA)
Source of classification or shelving scheme Dewey Decimal Classification
Koha item type Books
Holdings
Lost status Source of classification or shelving scheme Damaged status Not for loan Collection code Permanent Location Current Location Shelving location Date acquired Source of acquisition Cost, normal purchase price Total Checkouts Full call number Date last seen Copy number Koha item type
  Dewey Decimal Classification   Not For Loan Non-fiction Central Library, University of Rajshahi Central Library, University of Rajshahi Reading Room 13/05/1966 Mirza book agency 62.50   711.40941 OSN 1963 13/02/2014 C-1 Books